000 01063nam0a22003011 4500
001 RU\INFOCOMM_322\NLR\5000100325
005 20250613103236.0
035 _a(NLR Aleph) 009462029
090 _a8472920
_c8472920
100 _a20121211d1983 |||y0rusy50 ca
101 1 _afre
_crus
102 _aRU
105 _ay z |||||
200 1 _aRécits sur Lénine
_e[Для мл. шк. возраста]
_fAlexandre Kononov
_g[Trad. du russe par Catherine Emery]
_gDess. de I. Ilinski
210 _aM.
_cRadouga
_d1983
215 _a131 с.
_cил.
_d22 см
300 _aВ вып. дан.: Рассказы о В. И. Ленине / А. Кононов
620 _aМосква
686 _aДл760
_2rubbk
700 1 _9z01790
_aKononov
_bA. T.
_f1895-1957
_gAleksandr Terent'evič
702 1 _9z02790
_aLenin
_bV. I.
_f1870-1924
_gVladimir Il'ič
_4570
790 1 _9z01700
_aKononov
_bA.
_gAlexandre
_4070
790 1 _9z02702
_aLénine
_4245
801 1 _aRU
_bNLR
_c20121211
801 0 _aRU
_bINFOCOMM
_gPSBO
852 _aNLR
_jДл01 Д-5/215
942 _cBOOK
980 _aNB